Knowledge, Curriculum and change (Record no. 19294)

MARC details
000 -LEADER
fixed length control field 00586nam a22002177a 4500
003 - CONTROL NUMBER IDENTIFIER
control field OSt
005 - DATE AND TIME OF LATEST TRANSACTION
control field 20200419123151.0
008 - FIXED-LENGTH DATA ELEMENTS--GENERAL INFORMATION
fixed length control field 180531b xxu||||| |||| 00| 0 eng d
020 ## - INTERNATIONAL STANDARD BOOK NUMBER
International Standard Book Number 020795545x
040 ## - CATALOGING SOURCE
Original cataloging agency LB-BrCRDP
082 ## - DEWEY DECIMAL CLASSIFICATION NUMBER
Classification number 375 M987k
100 ## - MAIN ENTRY--PERSONAL NAME
Personal name P. W. Musgrave
245 ## - TITLE STATEMENT
Title Knowledge, Curriculum and change
260 ## - PUBLICATION, DISTRIBUTION, ETC.
Place of publication, distribution, etc. London
Name of publisher, distributor, etc. Angus & Robertson
Date of publication, distribution, etc. 1973
300 ## - PHYSICAL DESCRIPTION
Extent 105p
Dimensions 22cm
490 ## - SERIES STATEMENT
Series statement Second century in Australian education, 9.
630 ## - SUBJECT ADDED ENTRY--UNIFORM TITLE
Uniform title Education -- Curricula.
630 ## - SUBJECT ADDED ENTRY--UNIFORM TITLE
Uniform title Curriculumforschung
630 ## - SUBJECT ADDED ENTRY--UNIFORM TITLE
Uniform title Curriculumforschung.
942 ## - ADDED ENTRY ELEMENTS (KOHA)
Source of classification or shelving scheme Dewey Decimal Classification
Koha item type Books
Holdings
Withdrawn status Lost status Source of classification or shelving scheme Damaged status Not for loan Home library Current library Date acquired Total Checkouts Full call number Barcode Date last seen Price effective from Koha item type
    Dewey Decimal Classification     مكتبة المطبعة - سن الفيل مكتبة المطبعة - سن الفيل 05/31/2018   375 M987k crdp016733 05/31/2018 05/31/2018 Books